000 00685nam a2200169Ia 4500
008 090711s9999 xx 000 0 und d
082 _b5695
100 _aपंडीत नलिनी
245 _aमहाराष्ट्रातील राष्ट्रवादाSाा विकास
260 _c1955
300 _a256
600 _aपंडीत नलिनी
630 _aमहाराष्ट्रातील राष्ट्रवादाSाा विकास
700 _aपंडीत नलिनी
730 _aमहाराष्ट्रातील राष्ट्रवादाSाा विकास
942 _cBOOK
999 _c292663
_d292663